Las aventuras de Tom Sawyer
Guardat en:
| Autor principal: | |
|---|---|
| Format: | Llibre |
| Idioma: | espanyol |
| Publicat: |
Ciudad de México
Porrua
1977
|
| Edició: | 3a. ed |
| Col·lecció: | Sepan cuántos, 209
|
| Matèries: | |
| Etiquetes: |
Afegir etiqueta
Sense etiquetes, Sigues el primer a etiquetar aquest registre!
|
MARC
| LEADER | 00000nam a2200000 a 4500 | ||
|---|---|---|---|
| 001 | UCY2281 | ||
| 003 | CL-VaPUC | ||
| 008 | 941019e19770000MX |||||||||||||||||spa|d | ||
| 082 | 0 | 4 | |a 813 |b TWA |2 21 |
| 100 | 0 | |a Twain, Mark |e author |9 243 | |
| 245 | 1 | 4 | |a Las aventuras de Tom Sawyer |
| 250 | |a 3a. ed | ||
| 300 | |a 150 p | ||
| 942 | |c BK | ||
| 945 | |d 19941019 00:00:00 |a mfernand | ||
| 260 | |a Ciudad de México |b Porrua |c 1977 | ||
| 650 | 0 | |a Novelas estadounidenses |9 265217 | |
| 583 | |a last modification |c 19941019 00:00:00 |k Rodrigo Vera | ||
| 490 | 0 | |a Sepan cuántos, 209 | |
| 999 | |c 230734 |d 230732 | ||
| 952 | |0 0 |1 0 |4 0 |6 813_000000000000000_TWA_1977 |7 0 |8 P |9 233235 |a BIBARQ |b BIBARQ |d 2019-11-15 |i 3027562 |l 1 |o 813 TWA 1977 |p 3027562 |r 2025-01-20 |s 2022-08-11 |w 2019-11-15 |y BK |k ARQ | ||